LEADER 01031nam0 22002533i 450 001 PUV0572919 005 20231121125616.0 100 $a20151209d1986 ||||0itac50 ba 101 | $aita 102 $ait 181 1$6z01$ai $bxxxe 182 1$6z01$an 200 1 $a˜L'œeducation bilingue precoce$easpects socio-psychologiques et institutionnels$eactes du colloque international organise par l'Assessorat regional a l'instruction publique de la Valle d'Aosta ... juin 1984$fpar le soins de Rita Decime 210 $a\S.l.$cs.n.!$d1986$eAosta$gMesumeci 215 $a226 p., \2! c. di tav.$d24 cm. 702 1$aDecime$b, Rita$3CFIV057687 801 3$aIT$bIT-01$c20151209 850 $aIT-FR0017 899 $aBiblioteca umanistica Giorgio Aprea$bFR0017 $eN 912 $aPUV0572919 950 0$aBiblioteca umanistica Giorgio Aprea$d 52MAG 12/2602$e 52MAG0000128505 VMN RS $fA $h20151209$i20151209 977 $a 52 996 $aEducation bilingue precoce$9165301 997 $aUNICAS